Earth

Bibliographic Details
Main Author: Baker, Wendy
Format: Book
Published: London : Two-Can Publishing , 1992
Series:Make it work
Subjects:

MARC

LEADER 00000cam a2200000 7i4500
001 0000005621
002 000006074
005 20060206.0
020 |a 1854341391 
090 0 0 |a 508.7   |b MAK 
100 1 |a Baker, Wendy 
245 1 0 |a Earth   |c Wendy Baker and Andrew Haslam 
260 |a London :   |b Two-Can Publishing ,   |c 1992 
300 |a 48p. :   |b ill. ;   |c 27cm. 
490 0 |a Make it work 
650 0 0 |a Earth   |x Juvenile literature 
999 |a 030639   |b BUKU   |c JUNIOR BOOKS   |e PERPUSTAKAAN KOMUNITI PETALING JAYA